| 000 | 01489nam a2200361 c 4500 | ||
|---|---|---|---|
| 999 |
_c27902 _d27902 |
||
| 003 | BLK | ||
| 005 | 20250120101108.0 | ||
| 008 | 180407b bul|||||r ||||||| ||bul|| | ||
| 010 | _aKNG00030487000 | ||
| 020 | _a954-507-122-2 | ||
| 040 | _aBLK | ||
| 041 |
_aBUL _cBUL |
||
| 080 |
_aАнглийска литература _b821.111 _x-31 _z821.111-31 |
||
| 080 |
_aИндийска литература _b821.21 _x-054.7-31 _z821.21-054.7-31 |
||
| 100 | 1 |
_aРушди, Салман _eпърви автор _9117901 |
|
| 139 |
_aРушди, Салман _bР 96 |
||
| 245 | 1 | 0 |
_aСатанински строфи _bРоман _cСалман Рушди; прев. от англ. Асен Георгиев Георгиев; предг. от Джордж Лукас; предг. от Пол Бриън. |
| 257 |
_aGBR _aIND |
||
| 260 |
_bГуторанов и син _c1999 _fВраца : Полипринт |
||
| 300 |
_a576 с. _c23 см |
||
| 380 | _aX | ||
| 500 | _aОриг. загл. The Satanic Verses / Salman Rushdie. - Офс. изд. | ||
| 700 | 1 |
_aГеоргиев, Асен Георгиев _eпрев. от англ. _9269488 |
|
| 700 | 1 |
_aЛукас, Джордж _eпредг. от _9269489 |
|
| 700 | 1 |
_aБриън, Пол _eпредг. от _943350 |
|
| 852 | _aЦб 203319 | ||
| 856 | 4 | _qpdf | |
| 856 | 4 | _qpdf | |
| 942 |
_cKNG _n0 _012 _s1 |
||
| 944 |
_aCR _c15.01.2003 _lМартин Енчев _k30575 |
||
| 944 |
_aED _c09.04.2012 _lф / |
||
| 999 | _d27902 | ||